Recovery auditing : reducing overpayments, achieving accountability, and the Government Waste Corrections Act of 1999 : statement of David M. Walker, Comptroller General of the United States, before the Subcommittee on Government Management, Information and Technology, Committee on Government Reform, House of Representatives /

Bibliographic Details
Main Author: Walker, David M. (David Michael), 1951-
Corporate Author: United States. General Accounting Office
Format: Government Document Microform Book
Language:English
Published: Washington, D.C. (P.O. Box 37050, Washington, D.C. 20013) : U.S. General Accounting Office, [1999]
Series:Testimony ; GAO/T-NSIAD-99-213.
Subjects:
Online Access:Adobe Acrobat Reader required

MARC

Tag First Indicator Second Indicator Subfields
LEADER 00000cam a2200000 a 4500
001 in00000006627
007 he bmb024baca
008 990923s1999 dcu bb f000 0 eng c
005 20230331144307.6
035 |a (OCoLC)ocm42449201 
035 |9 AJK6691AM 
035 |a in00000006627 
037 |a 162369  |b GAO (202) 512-6000 (Voice); (202) 512-6061 (Fax)  |f paper copy 
040 |a SEN  |c SEN  |d GPO  |d MvI  |d UtOrBLW 
042 |a pcc 
043 |a n-us--- 
049 |a UMIC  |a WWW 
074 |a 0546-D-01 (MF) 
074 |a 0546-D-01 (online) 
086 0 |a GA 1.5/2:T-NSIAD-99-213 
100 1 |a Walker, David M.  |q (David Michael),  |d 1951- 
245 1 0 |a Recovery auditing :  |b reducing overpayments, achieving accountability, and the Government Waste Corrections Act of 1999 : statement of David M. Walker, Comptroller General of the United States, before the Subcommittee on Government Management, Information and Technology, Committee on Government Reform, House of Representatives /  |c United States General Accounting Office. 
246 3 0 |a Reducing overpayments, achieving accountability, and the Government Waste Corrections Act of 1999 
264 1 |a Washington, D.C. (P.O. Box 37050, Washington, D.C. 20013) :  |b U.S. General Accounting Office,  |c [1999] 
300 |a 10 pages ;  |c 28 cm. 
336 |a text  |b txt  |2 rdacontent 
337 |a microform  |b h  |2 rdamedia 
338 |a microfiche  |b he  |2 rdacarrier 
490 1 |a Testimony ;  |v GAO/T-NSIAD-99-213 
500 |a Shipping list number: 2000-0329-M. 
500 |a "For release ... June 29, 1999." 
500 |a "June 29, 1999." 
500 |a Shipping List #: 99-0871-M 
500 |a Shipping List Date: 09/27/99 
504 |a Includes bibliographical references. 
533 |a Microfiche.  |b [Washington, D.C.] :  |c U.S. General Accounting Office,  |d [1999?]  |e 1 microfiche : negative.  |7 s1999 dcun b 
530 |a Also available via Internet from the GPO Access web site. Address as of 1/02/03: http://frwebgate.access.gpo.gov/cgi-bin/getdoc.cgi?dbname=gao&docid=f:ns99213t.pdf; current accesss is available via PURL. 
500 |a Microform. 
650 0 |a Public contracts  |z United States  |x Auditing. 
650 0 |a Government purchasing  |z United States  |x Auditing. 
650 0 |a Waste in government spending  |z United States  |x Auditing. 
610 1 0 |a United States.  |b Department of Defense  |x Procurement  |x Auditing. 
710 1 |a United States.  |b General Accounting Office. 
830 0 |a Testimony ;  |v GAO/T-NSIAD-99-213. 
856 4 1 |u https://purl.fdlp.gov/GPO/LPS25409  |z Adobe Acrobat Reader required  |t 0 
999 |a MARS 
999 f f |i 5ef5bc5a-079c-3452-928b-6b796a9578af  |s 63d5f94f-3097-3423-a9ce-5f75f918ec15  |t 0 
952 f f |p normal  |a Texas A&M University  |b College Station  |c Sterling C. Evans Library  |d Evans: US Documents Microfiche (3rd floor)  |t 0  |e GA 1.5/2:T-NSIAD-99-213  |h Superintendent of Documents classification  |i microform -- microfiche  |m A14824294068 
952 f f |a Texas A&M University  |b College Station  |c Electronic Resources  |d Available Online  |t 0  |e GA 1.5/2:T-NSIAD-99-213  |h Superintendent of Documents classification 
998 f f |a GA 1.5/2:T-NSIAD-99-213  |t 0  |l Evans: US Documents Microfiche (3rd floor) 
998 f f |a GA 1.5/2:T-NSIAD-99-213  |t 0  |l Available Online